| 000 | 00447nam a2200097Ia 4500 | ||
|---|---|---|---|
| 008 | 180130s9999 xx 000 0 und d | ||
| 245 |
_cFard, Milad Keshvari; Akbari, M. Reza _aA hybrid tabu search algorithm for the vehicle routing problem with simultaneous pickup and delivery and maximum tour time length |
||
| 260 | _c2016 | ||
| 300 | _aBook title: Information technology management--Acession number C20746; pages 182-191 | ||
| 650 | _aIT MANAGEMENT | ||
| 999 |
_c354273 _d354273 |
||